| 000 | 00461cam a2200145 4500 | ||
|---|---|---|---|
| 008 | 150528n 000 0 eng u | ||
| 020 | _a9781596670457 | ||
| 035 | _a(Sirsi) a190353 | ||
| 050 | _aLB 1025.3 BLA 2007 | ||
| 100 | _aBlackburn, Barbara R. | ||
| 245 |
_aClassroom instruction from A to Z: _bhow to promote student learning/ _cBarbara R. Blackburn. |
||
| 260 |
_aNew York : _bEye on Education, _c2007. |
||
| 300 | _aviii, 87p. | ||
| 650 | _aTeaching. | ||
| 999 |
_c124797 _d124797 |
||